Normal view
MARC view
Entry Personal Name
001 - CONTROL NUMBER
- control field: 1038457
003 - CONTROL NUMBER IDENTIFIER
- control field:
005 - DATE AND TIME OF LATEST TRANSACTION
- control field: 20210627134913.0
008 - FIXED-LENGTH DATA ELEMENTS
- fixed length control field: 210627|| aca||aabn | a|a d
040 ## - CATALOGING SOURCE
- Original cataloging agency:
- Transcribing agency:
100 ## - HEADING--PERSONAL NAME
- Personal name: Bercovici, Konrad,
- Dates associated with a name: 1882-
670 ## - SOURCE DATA FOUND
- Source citation: Work cat.: ()945448: Bercovici, Konrad, 1882-, The marriage guest :, 1925
